00672nam a2200193Ia 4500001001000000003000500010008004100015010001100056040000900067100001900076245018700095260004000282300000900322500007000331650003000401650001800431650001200449700001700461Para_7303CHAP220125s1977 xx 000 0 und d a206191 cCHAP aCampbell, J.B. aWeight gain response and efficacy of washing and various insecticide treatments for prevention of flies feeding on shear wounds of summer shorn lambs /c J.B. Campbell and T.H. Doane aNebraska :b University of Nebraska a3 p. aSobretiro de: Journal of Economic Entomology, 70 (1): 132-4, 1977 aEntomología económica aInsecticidas  aMoscas  aDoane, T. H.